MARC details
| 000 -LEADER |
| fixed length control field |
01445nam a2200241 a 4500 |
| 008 - FIXED-LENGTH DATA ELEMENTS--GENERAL INFORMATION |
| fixed length control field |
190715s2016 ||||||||||||||||| || u |
| 020 ## - INTERNATIONAL STANDARD BOOK NUMBER |
| International Standard Book Number |
9788122440515 |
| 050 ## - LIBRARY OF CONGRESS CALL NUMBER |
| Classification number |
TA 683.2 Bha |
| 100 ## - MAIN ENTRY--PERSONAL NAME |
| Personal name |
Bhavikatti, S. S |
| 245 10 - TITLE STATEMENT |
| Title |
Design of RCC structural elements (RCC volume-1) (2nd edition) |
| Statement of responsibility, etc. |
By S.S. Bhavikatti |
| 250 ## - EDITION STATEMENT |
| Edition statement |
2nd edition |
| 260 ## - PUBLICATION, DISTRIBUTION, ETC. |
| Place of publication, distribution, etc. |
New Delhi |
| Name of publisher, distributor, etc. |
New Age International (P) Limited, Publishers |
| Date of publication, distribution, etc. |
2016 |
| 260 ## - PUBLICATION, DISTRIBUTION, ETC. |
| Place of publication, distribution, etc. |
New Delhi |
| Name of publisher, distributor, etc. |
New Age International Limited |
| Date of publication, distribution, etc. |
2016 |
| 300 ## - PHYSICAL DESCRIPTION |
| Extent |
ix, 257 pages : illustrations |
| 350 ## - |
| -- |
34.00 |
| 650 #0 - SUBJECT ADDED ENTRY--TOPICAL TERM |
| Topical term or geographic name entry element |
REINFORCED CONCRETE CONSTRUCTION |
| 650 #0 - SUBJECT ADDED ENTRY--TOPICAL TERM |
| Topical term or geographic name entry element |
REINFORCED CONCRETE |
| 995 ## - |
| -- |
MAIN LIBRARY OPEN ACCESS |
| -- |
749431 |
| -- |
CBU-MAIN LIBRARY (Kitwe) |
| -- |
34.00 |
| -- |
TA 683.2 Bha |
| -- |
1 |
| -- |
AVAILABLE |
| -- |
Jul 17, 2019 |
| -- |
749431 |
| -- |
Main Library Open Access Collection |
| 995 ## - |
| -- |
MAIN LIBRARY OPEN ACCESS |
| -- |
749433 |
| -- |
CBU-MAIN LIBRARY (Kitwe) |
| -- |
34.00 |
| -- |
TA 683.2 Bha |
| -- |
3 |
| -- |
AVAILABLE |
| -- |
Jul 17, 2019 |
| -- |
749433 |
| -- |
Main Library Open Access Collection |
| 995 ## - |
| -- |
SHORT LOAN BOOKS |
| -- |
750064 |
| -- |
CBU-MAIN LIBRARY (Kitwe) |
| -- |
34.00 |
| -- |
TA 683.2 Bha |
| -- |
5 |
| -- |
AVAILABLE |
| -- |
Nov 27, 2019 |
| -- |
750064 |
| -- |
Short Loan Collection |
| 995 ## - |
| -- |
MAIN LIBRARY OPEN ACCESS |
| -- |
749432 |
| -- |
CBU-MAIN LIBRARY (Kitwe) |
| -- |
34.00 |
| -- |
TA 683.2 Bha |
| -- |
2 |
| -- |
AVAILABLE |
| -- |
Jul 17, 2019 |
| -- |
749432 |
| -- |
Main Library Open Access Collection |
| 995 ## - |
| -- |
MAIN LIBRARY OPEN ACCESS |
| -- |
749434 |
| -- |
CBU-MAIN LIBRARY (Kitwe) |
| -- |
34.00 |
| -- |
TA 683.2 Bha |
| -- |
4 |
| -- |
AVAILABLE |
| -- |
Jul 17, 2019 |
| -- |
749434 |
| -- |
Main Library Open Access Collection |
| 999 ## - |
| -- |
63450 |
| -- |
63450 |